header

Tychomancy (Record no. 623)

MARC details
000 -LEADER
fixed length control field 01229nam a2200325Ia 4500
082 04 - DEWEY DECIMAL CLASSIFICATION NUMBER
Classification number 003/.1
100 1# - MAIN ENTRY--AUTHOR NAME
Personal name Strevens, Michael.
245 10 - TITLE STATEMENT
Title Tychomancy
260 ## - PUBLICATION, DISTRIBUTION, ETC. (IMPRINT)
Place of publication Cambridge, Mass. :
Name of publisher Harvard University Press,
Year of publication 2013.
300 ## - PHYSICAL DESCRIPTION
Number of Pages xii, 265 p. :
Other physical details ill.
650 #0 - SUBJECT ADDED ENTRY--TOPICAL TERM
Topical Term Empiricism.
Topical Term Inference.
Topical Term Probabilities.
856 40 - ELECTRONIC LOCATION AND ACCESS
Uniform Resource Identifier http://site.ebrary.com/lib/rucke/Doc?id=10713640

No items available.

© 2026 Rongo University
Contact us: librarian | system librarian | Rongo university